00700nam a22002537a 4500001000400000003000900004005001700013007000400030008002800034020001500062040002200077100002700099245009400126250001200220260003600232300002800268490002600296490000900322500002600331521003000357700002700387830002300414830000900437055DO-SdBNP20180220134513.0055151005b1993 sp 00| 0 spa d a8434839768 aBPMSUbspacBPMSU1 aDíaz, Gloria Cecilia10aEl sol de los venados /cGloria Cecilia Díaz ; colección dirigida por Marinella Terzi a2a. ed. aMadrid :bEdiciones SM, c1993. a125 p. :bil. ;c19 cm.1 aEl barco de vaporv701 aRoja aA partir de 12 años1 aA partir de los 12 años12aTerzi, Marinellaedir. 0aBarco de vaporn70 0aRoja